| 000 | 00596cam a2200229 4500 | ||
|---|---|---|---|
| 008 | 090401t1999 xxu||||| |||| 00| 0 eng d | ||
| 020 | _a1854826727 | ||
| 035 | _a(Sirsi) u92457 | ||
| 041 | _aeng | ||
| 050 | _a692.5 | ||
| 245 | _aFarm building cost guide 1999 | ||
| 250 | _a25th | ||
| 260 |
_aScottish Agricultural College _c1999 |
||
| 300 | _a96p. : ill. ; 30cm | ||
| 350 | _a21 | ||
| 650 | _aBUILT ENVIRONMENT-BUILDING COSTS | ||
| 650 | _aFARM BUILDINGS | ||
| 650 | _aBUILDING PRICE BOOKS | ||
| 690 | _aBUILT ENVIRONMENT-BUILDING COSTS | ||
| 942 | _n0 | ||
| 948 | _c31/03/1999 | ||
| 999 |
_c97749 _d97749 |
||